<?xml version="1.0" encoding="UTF-8"?>
<record
    xmlns:xsi="http://www.w3.org/2001/XMLSchema-instance"
    xsi:schemaLocation="http://www.loc.gov/MARC21/slim http://www.loc.gov/standards/marcxml/schema/MARC21slim.xsd"
    xmlns="http://www.loc.gov/MARC21/slim">

  <leader>01147nam a22002777a 4500</leader>
  <controlfield tag="003">SEM</controlfield>
  <controlfield tag="005">20230412165411.0</controlfield>
  <controlfield tag="008">230125s2020    ai ||||gr||||||01|0|arm|d</controlfield>
  <datafield tag="020" ind1=" " ind2=" ">
    <subfield code="a">9789939112008</subfield>
  </datafield>
  <datafield tag="040" ind1=" " ind2=" ">
    <subfield code="a">SEM</subfield>
    <subfield code="c">SEM</subfield>
  </datafield>
  <datafield tag="041" ind1=" " ind2=" ">
    <subfield code="a">arm</subfield>
  </datafield>
  <datafield tag="080" ind1=" " ind2=" ">
    <subfield code="a">34(47.925)/&#x532;-89</subfield>
  </datafield>
  <datafield tag="245" ind1=" " ind2=" ">
    <subfield code="a">&#x532;&#x57C;&#x576;&#x578;&#x582;&#x569;&#x575;&#x561;&#x576; &#x574;&#x577;&#x561;&#x56F;&#x578;&#x582;&#x575;&#x569;&#x568; &#x540;&#x561;&#x575;&#x561;&#x57D;&#x57F;&#x561;&#x576;&#x578;&#x582;&#x574; /</subfield>
    <subfield code="c">&#x53D;&#x574;&#x562;.` &#x533;. &#x54F;&#x565;&#x580;-&#x533;&#x561;&#x562;&#x580;&#x56B;&#x565;&#x56C;&#x575;&#x561;&#x576; &#x587; &#x578;&#x582;&#x580;&#x56B;&#x577;&#x2024;; &#x535;&#x57E;&#x580;&#x561;&#x57D;&#x56B;&#x561; &#x570;&#x561;&#x574;&#x561;&#x563;&#x578;&#x580;&#x56E;&#x561;&#x56F;&#x581;&#x578;&#x582;&#x569;&#x575;&#x578;&#x582;&#x576; &#x570;&#x56B;&#x574;&#x576;&#x561;&#x564;&#x580;&#x561;&#x574;</subfield>
  </datafield>
  <datafield tag="260" ind1=" " ind2=" ">
    <subfield code="a">&#x535;&#x580;&#x587;&#x561;&#x576; :</subfield>
    <subfield code="b">&#x535;&#x57E;&#x580;&#x561;&#x57D;&#x56B;&#x561; &#x570;&#x561;&#x574;&#x561;&#x563;&#x578;&#x580;&#x56E;&#x561;&#x56F;&#x581;&#x578;&#x582;&#x569;&#x575;&#x578;&#x582;&#x576; &#x570;&#x56B;&#x574;&#x576;&#x561;&#x564;&#x580;&#x561;&#x574;,</subfield>
    <subfield code="c">2020.</subfield>
  </datafield>
  <datafield tag="300" ind1=" " ind2=" ">
    <subfield code="a">401 &#x567;&#x57B; ;</subfield>
    <subfield code="b">&#x561;&#x572;&#x575;&#x57D;&#x2024;;</subfield>
    <subfield code="c">24 &#x57D;&#x574;</subfield>
  </datafield>
  <datafield tag="650" ind1=" " ind2=" ">
    <subfield code="a">&#x53B;&#x580;&#x561;&#x57E;&#x578;&#x582;&#x576;&#x584;</subfield>
    <subfield code="x">&#x540;&#x561;&#x575;&#x561;&#x57D;&#x57F;&#x561;&#x576;</subfield>
    <subfield code="x">&#x562;&#x57C;&#x576;&#x578;&#x582;&#x569;&#x575;&#x578;&#x582;&#x576;</subfield>
  </datafield>
  <datafield tag="653" ind1=" " ind2=" ">
    <subfield code="a">&#x54D;&#x537;&#x544;</subfield>
  </datafield>
  <datafield tag="700" ind1=" " ind2=" ">
    <subfield code="a">&#x54F;&#x565;&#x580;-&#x533;&#x561;&#x562;&#x580;&#x56B;&#x565;&#x56C;&#x575;&#x561;&#x576; &#x533;.</subfield>
    <subfield code="4">&#x56D;&#x574;&#x562;.</subfield>
  </datafield>
  <datafield tag="700" ind1=" " ind2=" ">
    <subfield code="a">&#x540;&#x578;&#x57E;&#x561;&#x56F;&#x56B;&#x574;&#x575;&#x561;&#x576; &#x533;&#x2024;</subfield>
    <subfield code="4">&#x56D;&#x574;&#x562;.</subfield>
  </datafield>
  <datafield tag="700" ind1=" " ind2=" ">
    <subfield code="a">&#x54D;&#x574;&#x562;&#x561;&#x57F;&#x575;&#x561;&#x576; &#x540;&#x2024;</subfield>
    <subfield code="4">&#x56D;&#x574;&#x562;.</subfield>
  </datafield>
  <datafield tag="700" ind1=" " ind2=" ">
    <subfield code="a">&#x54A;&#x565;&#x57F;&#x580;&#x578;&#x57D;&#x575;&#x561;&#x576; &#x534;&#x2024;</subfield>
    <subfield code="4">&#x56D;&#x574;&#x562;.</subfield>
  </datafield>
  <datafield tag="700" ind1=" " ind2=" ">
    <subfield code="a">&#x531;&#x57E;&#x561;&#x563;&#x575;&#x561;&#x576; &#x545;&#x2024;</subfield>
    <subfield code="4">&#x56D;&#x574;&#x562;.</subfield>
  </datafield>
  <datafield tag="700" ind1=" " ind2=" ">
    <subfield code="a">&#x53D;&#x578;&#x582;&#x580;&#x577;&#x578;&#x582;&#x564;&#x575;&#x561;&#x576; &#x547;&#x2024;</subfield>
    <subfield code="4">&#x56D;&#x574;&#x562;.</subfield>
  </datafield>
  <datafield tag="710" ind1=" " ind2=" ">
    <subfield code="a">&#x535;&#x57E;&#x580;&#x561;&#x57D;&#x56B;&#x561; &#x570;&#x561;&#x574;&#x561;&#x563;&#x578;&#x580;&#x56E;&#x561;&#x56F;&#x581;&#x578;&#x582;&#x569;&#x575;&#x578;&#x582;&#x576; &#x570;&#x56B;&#x574;&#x576;&#x561;&#x564;&#x580;&#x561;&#x574;</subfield>
  </datafield>
  <datafield tag="942" ind1=" " ind2=" ">
    <subfield code="2">udc</subfield>
    <subfield code="c">BK</subfield>
    <subfield code="n">0</subfield>
  </datafield>
  <datafield tag="999" ind1=" " ind2=" ">
    <subfield code="c">73278</subfield>
    <subfield code="d">73278</subfield>
  </datafield>
  <datafield tag="952" ind1=" " ind2=" ">
    <subfield code="0">0</subfield>
    <subfield code="1">0</subfield>
    <subfield code="2">udc</subfield>
    <subfield code="4">0</subfield>
    <subfield code="7">0</subfield>
    <subfield code="8">&#x533;&#x580;&#x561;&#x57A;&#x561;&#x570;&#x578;&#x581;</subfield>
    <subfield code="a">SEM</subfield>
    <subfield code="b">SEM</subfield>
    <subfield code="d">2023-01-25</subfield>
    <subfield code="g">1500.00</subfield>
    <subfield code="i">34540</subfield>
    <subfield code="l">0</subfield>
    <subfield code="o">34(47.925)/&#x532;-89</subfield>
    <subfield code="p">34540</subfield>
    <subfield code="r">2023-01-25</subfield>
    <subfield code="w">2023-01-25</subfield>
    <subfield code="y">BK</subfield>
    <subfield code="z">&#x54D;&#x57A;&#x561;&#x57D;&#x561;&#x580;&#x56F;&#x57E;&#x578;&#x582;&#x574; &#x567; &#x568;&#x576;&#x569;&#x565;&#x580;&#x581;&#x561;&#x57D;&#x580;&#x561;&#x570;</subfield>
  </datafield>
  <datafield tag="952" ind1=" " ind2=" ">
    <subfield code="0">0</subfield>
    <subfield code="1">0</subfield>
    <subfield code="2">udc</subfield>
    <subfield code="4">0</subfield>
    <subfield code="7">0</subfield>
    <subfield code="8">&#x533;&#x580;&#x561;&#x57A;&#x561;&#x570;&#x578;&#x581;</subfield>
    <subfield code="a">SEM</subfield>
    <subfield code="b">SEM</subfield>
    <subfield code="d">2023-02-24</subfield>
    <subfield code="g">1500.00</subfield>
    <subfield code="i">34563</subfield>
    <subfield code="l">0</subfield>
    <subfield code="o">34(47.925)/&#x532;-89</subfield>
    <subfield code="p">34563</subfield>
    <subfield code="r">2023-02-24</subfield>
    <subfield code="w">2023-02-24</subfield>
    <subfield code="y">BK</subfield>
    <subfield code="z">&#x54D;&#x57A;&#x561;&#x57D;&#x561;&#x580;&#x56F;&#x57E;&#x578;&#x582;&#x574; &#x567; 30 &#x585;&#x580;</subfield>
  </datafield>
</record>
